| 000 | 00359nam a22001457a 4500 | ||
|---|---|---|---|
| 020 | _a978-93-83080-53-3 | ||
| 082 |
_a425 _bMOO/E |
||
| 100 | _aM.A, MOOSAKKUTTY | ||
| 245 | _aENGLISH SPEAKING COURSE AND LETTER DRAFTING | ||
| 250 | _aFIRST | ||
| 260 |
_aTHRISSUR _bH&C PUBLISHING HOUSE |
||
| 300 | _a96 | ||
| 650 |
_aENGLISH COMPOSITION _zKERALA |
||
| 942 | _cBK | ||
| 999 |
_c3680 _d3680 |
||